000 00871nmm a2200277 a 4500
001 ocm000610293
003 TR-IsHL
005 20201028131229.0
008 131010s2010 tu tur
007 cr cn
020 _a9789758491551
035 _a610293
_b(N$T)
050 0 4 _aPL248.T87
_bS27 2010
090 0 4 _aPL248.T87
_bS27 2010
100 1 _aTüren, Sait
245 1 0 _aSarı: unuttuğumuz '78
_h[electronic resource] /
_cSait Türen
250 _a1.bs.
260 _aİstanbul :
_bArya Yayıncılık,
_c2010
300 _a220 p.
650 4 _aDil ve Edebiyat
650 4 _aLanguage and Literature
650 0 _aTürk edebiyatı
_x Anılar
650 0 _aTurkish fiction
_x Memories
650 7 _aLITERARY COLLECTIONS / Middle Eastern
_2bisacsh
856 4 0 _uhttp://search.ebscohost.com/login.aspx?direct=true&scope=site&db=e011xww&AN=610293
999 _c4448
_d4448